000 00898nam a2200229 a 4500
001 BRCA_481
005 20190320203029.0
008 980512s1997 mx-a---##b---s000-0#spa-#
020 _a968816139X
040 _aDLC
_cDLC
050 4 _aNK4032.M4
_b.C47 1997
245 1 0 _aLa cerámica en la Ciudad de México
_b1325-1917.
260 _aCiudad de México
_bDepartamento del Distrito Federal : Museo de la Ciudad de México, Patronato
_c1997
300 _a173 p.
_bil. a color
_c31 cm.
500 _aCatálogo de la exposición realizada en el Museo de la Ciudad de México, 1997
500 _aContiene información sobre piezas de la colección Franz Mayer
504 _aBibliografía: p. 168-173
650 1 4 _aAlfarería mexicana
_xExposiciones
_91650
650 1 4 _aAlfarería
_xExposiciones
_zMéxico
_91651
650 1 4 _aCerámica
_xHistoria
_ySiglo XIV-XX
_zCiudad de México
_91652
942 _2lcc
_cB
999 _c415
_d415